000
00316nam a22001457a 4500
003
SGT
020
_a
978-93-5140-937-0
082
_a
530
_b
C14M
100
_a
MAL,S.B.
245
_a
CONCISE ENGINEERING PHYSICS-2
260
_a
NEW DELHI
_b
PRAGATI PUB
_c
2014
300
_a
159
650
_a
PHARMACY
942
_2
ddc
_c
BK
999
_c
11053
_d
11053